| 000 | 00585nam a22001937a 4500 | ||
|---|---|---|---|
| 003 | CEME | ||
| 005 | 20210628203454.0 | ||
| 008 | 210119b xxu||||| |||| 00| 0 eng d | ||
| 020 | _a9781420061062 | ||
| 040 | _cceme | ||
| 082 | _a621.310285 KUS | ||
| 100 |
_aKusic, George.Dr _965656 |
||
| 245 | _aComputer- aided power systems analysis | ||
| 250 | _a2ND | ||
| 260 |
_aNEW YORK _bCRC PRESS _c2009 |
||
| 300 | _a386P | ||
| 650 |
_aELECTRIC POWER SYSTEMS-DATA PROCESSING.ELECTRIC POWER SYSTEMS-COMPUTER PROGRAMMING.COMPUTER- AIDED POWER SYSTEMS ANALYSIS _965657 |
||
| 942 |
_cBK _2ddc |
||
| 999 |
_c573806 _d573806 |
||